Statistiques concernant Les plus grandes villes traversees par La Volga

Cliquez ici pour prendre le quiz!

Statistiques générales

  • Ce quiz a été pris 15 fois
  • Le résultat moyen est 6 sur 14

Statistiques - réponses

PopulationVilles% Correct
1.019 millionVolgograd
93%
1.257 millionNijni Novgorod
80%
1.169 millionKazan
67%
1.17 millionSamara
67%
526,363Astrakhan
53%
597,161Iaroslavl
47%
838,321Saratov
47%
719,363Togliatti
47%
614,878Oulianovsk
33%
270,366Kostroma
13%
197,359Rybinsk
13%
462,669Tcheboksary
13%
407,896Tver
13%
177,404Syzran
7%

Distribution des résultats

Percentile par nombre de réponses

% des personnes avec chaque résultat

Votre développement - résultats

Vous n’avez pas pris ce quiz